Java™ Programming Languages (Record no. 144)
[ view plain ]
| 000 -LEADER | |
|---|---|
| fixed length control field | 00352nam a22001337a 4500 |
| 003 - CONTROL NUMBER IDENTIFIER | |
| control field | OSt |
| 005 - DATE AND TIME OF LATEST TRANSACTION | |
| control field | 20240605123925.0 |
| 008 - FIXED-LENGTH DATA ELEMENTS--GENERAL INFORMATION | |
| fixed length control field | 201021b ||||| |||| 00| 0 eng d |
| 040 ## - CATALOGING SOURCE | |
| Transcribing agency | Sun Microsystems, Inc. |
| 082 ## - DEWEY DECIMAL CLASSIFICATION NUMBER | |
| Classification number | 005.133 |
| 245 ## - TITLE STATEMENT | |
| Title | Java™ Programming Languages |
| Statement of responsibility, etc. | by Sun Education Services |
| 260 ## - PUBLICATION, DISTRIBUTION, ETC. | |
| Name of publisher, distributor, etc. | Sun Microsystems, Inc. |
| 942 ## - ADDED ENTRY ELEMENTS (KOHA) | |
| Source of classification or shelving scheme | Dewey Decimal Classification |
| Koha item type | BK |
| Withdrawn status | Lost status | Source of classification or shelving scheme | Damaged status | Not for loan | Home library | Current library | Date acquired | Inventory number | Total Checkouts | Full call number | Barcode | Date last seen | Price effective from | Koha item type |
|---|---|---|---|---|---|---|---|---|---|---|---|---|---|---|
| Dewey Decimal Classification | Hetauda School of Management and Social Sciences | Hetauda School of Management and Social Sciences | 10/21/2020 | G166 | 005.133 Sun 2000 | G166 | 10/21/2020 | 10/21/2020 | BK | |||||
| Dewey Decimal Classification | Hetauda School of Management and Social Sciences | Hetauda School of Management and Social Sciences | 10/21/2020 | G167 | 005.133 Sun 2000 | G167 | 10/21/2020 | 10/21/2020 | BK | |||||
| Dewey Decimal Classification | Hetauda School of Management and Social Sciences | Hetauda School of Management and Social Sciences | 10/21/2020 | G168 | 005.133 Sun 2000 | G168 | 10/21/2020 | 10/21/2020 | BK | |||||
| Dewey Decimal Classification | Hetauda School of Management and Social Sciences | Hetauda School of Management and Social Sciences | 10/21/2020 | G169 | 005.133 Sun 2003 | G169 | 10/21/2020 | 10/21/2020 | BK | |||||
| Dewey Decimal Classification | Hetauda School of Management and Social Sciences | Hetauda School of Management and Social Sciences | 10/21/2020 | G165 | 005.133 Sun 2003 | G165 | 10/21/2020 | 10/21/2020 | BK | |||||
| Dewey Decimal Classification | Hetauda School of Management and Social Sciences | Hetauda School of Management and Social Sciences | 10/21/2020 | G164 | 005.133 Sun 2003 | G164 | 10/21/2020 | 10/21/2020 | BK |